000 00285nam a2200121Ia 4500
008 220204s9999 xx 000 0 und d
082 _a613.954
_bFRO
100 _aFromme, Allan
245 0 _aAbc of child care
260 _aNew York
_bPocket
_c1969
650 _aChildcare
942 _cBK
999 _c32151
_d32151